Enabling IP routing with Cisco routers. / (Record no. 1735)
[ view plain ]
| 000 -LEADER | |
|---|---|
| fixed length control field | 01849cam a22003374a 4500 |
| 001 - CONTROL NUMBER | |
| control field | 13487894 |
| 005 - DATE AND TIME OF LATEST TRANSACTION | |
| control field | 20210414114050.0 |
| 008 - FIXED-LENGTH DATA ELEMENTS--GENERAL INFORMATION | |
| fixed length control field | 040211s2004 maua 001 0 eng |
| 010 ## - LIBRARY OF CONGRESS CONTROL NUMBER | |
| LC control number | 2004003394 |
| 020 ## - INTERNATIONAL STANDARD BOOK NUMBER | |
| International Standard Book Number | 1584503351 (pbk. with cdrom : alk. paper) |
| 040 ## - CATALOGING SOURCE | |
| Original cataloging agency | DLC |
| Transcribing agency | DLC |
| Modifying agency | DLC |
| 042 ## - AUTHENTICATION CODE | |
| Authentication code | pcc |
| 050 00 - LIBRARY OF CONGRESS CALL NUMBER | |
| Classification number | TK5105.543.D35 |
| 082 00 - DEWEY DECIMAL CLASSIFICATION NUMBER | |
| Classification number | 004.6/2 |
| Edition number | 22 |
| 100 1# - MAIN ENTRY--PERSONAL NAME | |
| Personal name | Das, R. |
| Fuller form of name | (Rajarshi) |
| 245 10 - TITLE STATEMENT | |
| Title | Enabling IP routing with Cisco routers. / |
| Statement of responsibility, etc. | R. Das, K. Chakrabarty. |
| 250 ## - EDITION STATEMENT | |
| Edition statement | 1st ed. |
| 260 ## - PUBLICATION, DISTRIBUTION, ETC. | |
| Place of publication, distribution, etc. | Hingham, Mass. : |
| Name of publisher, distributor, etc. | Charles River Media, |
| Date of publication, distribution, etc. | c2004. |
| 300 ## - PHYSICAL DESCRIPTION | |
| Extent | xiv, 486 p. : |
| Other physical details | ill. ; |
| Dimensions | 24 cm. |
| Accompanying material | 1 CD-ROM (4 3/4 in.) |
| 490 1# - SERIES STATEMENT | |
| Series statement | Networking series |
| 500 ## - GENERAL NOTE | |
| General note | Includes index. |
| 505 ## - FORMATTED CONTENTS NOTE | |
| Formatted contents note | Contents: Introduction to routing -- The OSI network layer -- Static and dynamic routing -- Routing information protocol -- Interior gateway routing protocol -- Enhanced interior gateway protocol -- Open shortest path first routing protocol -- Intermediate system to intermediate system -- Border gateway protocol -- Redistribution -- On demand routing and default routing -- Route maps and filtering -- BGP case study -- EIGRP case study -- IGRS case study -- IS_IS case study -- ODR case study -- OSPF case study -- Redistribution case study -- RIP case s tudy -- Route maps case study. |
| 650 #0 - SUBJECT ADDED ENTRY--TOPICAL TERM | |
| Topical term or geographic name entry element | Routers (Computer networks) |
| 650 #0 - SUBJECT ADDED ENTRY--TOPICAL TERM | |
| Topical term or geographic name entry element | TCP/IP (Computer network protocol) |
| 700 1# - ADDED ENTRY--PERSONAL NAME | |
| Personal name | Chakrabarty, K. |
| Fuller form of name | (Koel) |
| 830 #0 - SERIES ADDED ENTRY--UNIFORM TITLE | |
| Uniform title | Networking series (Charles River Media) |
| 856 41 - ELECTRONIC LOCATION AND ACCESS | |
| Materials specified | Table of contents |
| Uniform Resource Identifier | <a href="http://www.loc.gov/catdir/toc/ecip0415/2004003394.html">http://www.loc.gov/catdir/toc/ecip0415/2004003394.html</a> |
| 906 ## - LOCAL DATA ELEMENT F, LDF (RLIN) | |
| a | 7 |
| b | cbc |
| c | orignew |
| d | 1 |
| e | ecip |
| f | 20 |
| g | y-gencatlg |
| 942 ## - ADDED ENTRY ELEMENTS (KOHA) | |
| Source of classification or shelving scheme | Library of Congress Classification |
| Koha item type | Books |
| Withdrawn status | Lost status | Source of classification or shelving scheme | Damaged status | Not for loan | Home library | Current library | Shelving location | Date acquired | Total Checkouts | Full call number | Barcode | Date last seen | Copy number | Price effective from | Koha item type |
|---|---|---|---|---|---|---|---|---|---|---|---|---|---|---|---|
| Library of Congress Classification | WISCONSIN INTERNATIONAL UNIVERSITY COLLEGE, GHANA - MAIN LIBRARY | WISCONSIN INTERNATIONAL UNIVERSITY COLLEGE, GHANA - MAIN LIBRARY | General Stacks | 18/07/2012 | TK5105.543.D35 | 5566/12 | 18/07/2012 | 1 | 18/07/2012 | Books | |||||
| Library of Congress Classification | WISCONSIN INTERNATIONAL UNIVERSITY COLLEGE, GHANA - MAIN LIBRARY | WISCONSIN INTERNATIONAL UNIVERSITY COLLEGE, GHANA - MAIN LIBRARY | General Stacks | 18/07/2012 | TK5105.543.D351 | 5568/12 | 18/07/2012 | 2 | 18/07/2012 | Books | |||||
| Library of Congress Classification | WISCONSIN INTERNATIONAL UNIVERSITY COLLEGE, GHANA - MAIN LIBRARY | WISCONSIN INTERNATIONAL UNIVERSITY COLLEGE, GHANA - MAIN LIBRARY | General Stacks | 20/07/2012 | TK5105.543.D351 | 5567/12 | 20/07/2012 | 3 | 20/07/2012 | Books |
